00781nam a22002297a 4500003000500000005001700005008004100022010001000063011001000073035001100083040000900094082001500103110004400118245008500162260005600247300001100303530007100314650002300385650004500408650005500453650004300508CHAP20220817044115.0060602d2004 mx r 00110 spa d a92335 a93307 a103879 cCHAP04a338.9bM580 aMéxico. Gobierno del Distrito Federal10aHacia la agenda XXI de la ciudad de Méxicoc/por Gobierno del Distrito Federal aMéxico, D. F. :bFriedrich Ebert Stiftung,c2004. a146 p. aEste material también se encuentra en CD. Clasifiación: CD-38714aDesarrollo social.14aDesarrollo sustentablexMéxico (D. F.)14aMedio ambientexContaminaciónzMéxico (D. F.).14aMéxico (D.F.)xCondiciones sociales.